Escola Secundária Manuel Teixeira Gomes (Registo nº 1348)
[ vista simples ]
| 000 -Etiqueta do registo | |
|---|---|
| Cabeçalho | 00566nam0a2200205 4500 |
| 005 - Identificador da versão | |
| Campo de controlo | 20240822202529.0 |
| 021 ## - Número do Depósito Legal | |
| Código do país | PT |
| Número | 156 572/00 |
| 100 ## - Dados gerais de processamento | |
| Dados gerais de processamento | 20120130d2000 m y0pory5003 ba |
| 101 0# - Língua de publicação | |
| Língua do texto, banda sonora, etc. | Português |
| 102 ## - Pais de publicação ou produção | |
| País de publicação | Portugal |
| 105 ## - Campo de dados codificados: livros | |
| Dados codificados dos livros | a z 001yy |
| 106 ## - Campo de dados codificados: material textual | |
| Dados codificados do material textual | r |
| 200 1# - Titulo e menção de responsabilidade | |
| Título próprio | Escola Secundária Manuel Teixeira Gomes |
| Informação de outro título | das origens à viragem do milénio |
| Primeira menção de responsabilidade | Valdemar Coutinho |
| 210 ## - Publicação, Distribuição, etc. | |
| Lugar da edição, distribuição, etc. | Portimão |
| Nome do editor, distribuidor, etc. | Escola Secundária Manuel Teixeira Gomes |
| Data da publicação, distribuição, etc. | 2000 |
| 215 ## - Descrição física | |
| Indicação específica da natureza do documento e extensão da espécie | 96 p. |
| Outras indicações físicas | il. |
| 700 #1 - Nome de autor-pessoa física (responsabilidade principal) | |
| Número de registo de entrada de autoridade | 0000792 |
| Palavra de ordem | Coutinho |
| Outra parte do nome não tomada para palavra de ordem | Valdemar |
| 942 ## - Elementos de entrada adicionados (Koha) | |
| Tipo de item no Koha | Livro |
| 966 ## - Identificação da Biblioteca | |
| Sigla | NUMETECA |
| Situação do levantamento | Origin of item (home branch) (coded) | Biblioteca de empréstimo | Código de barras | Cota | Circulation type (not for loan) | Tipo de documento | Nota do exemplar | Damaged status |
|---|---|---|---|---|---|---|---|---|
| Biblioteca Escolar Eng. Nuno Mergulhão | Biblioteca Escolar Eng. Nuno Mergulhão | BENM3157 | 2000 | 37 EDU COU | Livro | Sem mensagem |
